Los perros hambrientos

שמור ב:
מידע ביבליוגרפי
מחבר ראשי: Alegría Bazán, Ciro (Author)
פורמט: ספר
שפה:ספרדית
יצא לאור: Buenos Aires Losada 1972
מהדורה:3a. ed
סדרה:Biblioteca Clásica y Contemporánea, 352
נושאים:
תגים: הוספת תג
אין תגיות, היה/י הראשונ/ה לתייג את הרשומה!

MARC

LEADER 00000cam a2200000 a 4500
001 UCF6181
003 CL-VaPUC
008 130418e19720000AG |||||||||||||||||spa|d
082 0 4 |a Pe863  |b ALE  |2 21 
100 0 |a Alegría Bazán, Ciro  |e author  |9 568219 
245 1 4 |a Los perros hambrientos 
250 |a 3a. ed 
300 |a 151 p 
942 |c BK 
945 |d 20130418 00:00:00  |a cmena 
260 |a Buenos Aires  |b Losada  |c 1972 
650 7 |a NOVELAS PERUANAS  |2 CL-VaPUC  |9 568220 
650 0 |a Literatura peruana  |9 257452 
583 |a last modification  |c 20190712 03:58:29  |k Rodrigo Vera 
490 0 |a Biblioteca Clásica y Contemporánea, 352 
999 |c 351494  |d 351492 
952 |0 0  |1 0  |4 0  |6 PE_863_000000000000000_ALE_1972  |7 0  |8 A  |9 455631  |a BIBEDU  |b BIBEDU  |d 2019-11-22  |i 4947622  |o Pe863 ALE 1972  |p 4947622  |r 2019-11-22  |w 2019-11-22  |y BK  |k LIT